• 首页
  • 本馆介绍
  • 公告通知
  • 最新文献
  • 馆藏检索
  • 电子资源
  • 读者导购
  • 参考咨询
  • 我的图书馆
  • 登录
  • 详细信息显示
  • 放入我的书架
  • 预约/预借图书
  • 作者相关作品
  • 分类相关作品
  • 丛书相关作品
  • 出版社相关作品

书目信息

  • 表格格式
  • 工作单格式
  • 卡片格式
题名:
数据库原理与应用
    
 
作者: 仝春灵 主编
分册:  
出版信息: 北京   中国水利水电出版社  2009.05
页数: 300页
开本: 26cm
丛书名:
单 册:
中图分类: TP311.138SQ , TP311.138
科图分类:
主题词: 关系数据库--数据库管理系统--高等教育--教材 , 关系数据库 , 数据库管理系统
电子资源:
ISBN: 978-7-5084-6427-5
000 01090nam0 22003011 450
001 004177753
005 20100713053537.0
010    @a978-7-5084-6427-5@dCNY29.80
100    @a20090611d2009 em y0chiy50 ea
101 0  @achi
102    @aCN@b110000
105    @ay z 000yy
200 1  @a数据库原理与应用@9shu ju ku yuan li yu ying yong@eSQL Server 2005@f仝春灵主编
210    @a北京@c中国水利水电出版社@d2009.05
215    @a300页@d26cm
300    @a普通高等教育“十一五”国家级规划教材
330    @a全书集数据库的基本原理与SQL Server2005应用为一体,共分三部分:第一部分(第1~3章),简明扼要地讲述关系数据库的基本概念、数据模型、数据库的标准语言、关系的规范化、数据库的设计、数据库保护以及数据库的最新技术等。
517 1  @aSQL Server 2005
606 0  @a关系数据库@x数据库管理系统@x高等教育@j教材
606 0  @a关系数据库
606 0  @a数据库管理系统
610 0  @aSQL
690    @aTP311.138SQ@v5
690    @aTP311.138@v5
701  0 @a仝春灵@9tong chun ling@c(计算机)@4主编
801  0 @aCN@b91MARC@c20101222
905    @aBZT@dTP311.138@e44
906    @dCNY29.80@n0@r1
    
    数据库原理与应用:SQL Server 2005/仝春灵主编.-北京:中国水利水电出版社,2009.05
    300页;26cm
    普通高等教育“十一五”国家级规划教材
    
    ISBN 978-7-5084-6427-5:CNY29.80
    全书集数据库的基本原理与SQL Server2005应用为一体,共分三部分:第一部分(第1~3章),简明扼要地讲述关系数据库的基本概念、数据模型、数据库的标准语言、关系的规范化、数据库的设计、数据库保护以及数据库的最新技术等。
●
相关链接 在五车中查询图书 在当当中查询图书 在豆瓣中查询图书


正题名:数据库原理与应用     索取号:TP311.138/44         预约/预借

序号 登录号 条形码 馆藏地/架位号 状态 备注
1 754324   2000754324   样本书库/样004架B面2层1列/ [索取号:TP311.138/44] 在馆    
2 754325   2000754325   中心书库中库/ 中库028架A面3列5层38/ [索取号:TP311.138/44] 在馆    
3 754326   2000754326   中心书库中库/ 中库028架A面3列5层35/ [索取号:TP311.138/44] 在馆    
4 754327   2000754327   中心书库中库/ 中库028架A面3列5层34/ [索取号:TP311.138/44] 在馆    
5 754328   2000754328   中心书库中库/ 中库028架A面3列5层37/ [索取号:TP311.138/44] 在馆    
6 754329   2000754329   中心书库中库/ 中库028架A面3列5层36/ [索取号:TP311.138/44] 在馆    
山东省滨州职业学院图书馆 欢迎您!
大连网信软件有限公司© 版权所有